Tārik̲h̲-i Islām. (Record no. 77196)
[ view plain ]
| 000 -LEADER | |
|---|---|
| fixed length control field | 00565cam a22002291 4500 |
| 001 - CONTROL NUMBER | |
| control field | sa 68000415 |
| 003 - CONTROL NUMBER IDENTIFIER | |
| control field | DLC |
| 005 - DATE AND TIME OF LATEST TRANSACTION | |
| control field | 20260227112423.0 |
| 008 - FIXED-LENGTH DATA ELEMENTS--GENERAL INFORMATION | |
| fixed length control field | 940615s1966 pk j 000 0 urdo |
| 010 ## - LIBRARY OF CONGRESS CONTROL NUMBER | |
| LC control number | sa 68000415 |
| 025 ## - OVERSEAS ACQUISITION NUMBER | |
| Overseas acquisition number | PL480:P-U-1737 |
| 035 ## - SYSTEM CONTROL NUMBER | |
| System control number | (OCoLC)30612886 |
| 040 ## - CATALOGING SOURCE | |
| Original cataloging agency | DLC |
| Transcribing agency | CU |
| Modifying agency | CU |
| -- | DLC |
| 042 ## - AUTHENTICATION CODE | |
| Authentication code | premarc |
| 050 00 - LIBRARY OF CONGRESS CALL NUMBER | |
| Classification number | DS234 |
| Item number | .A13 |
| 100 0# - MAIN ENTRY--PERSONAL NAME | |
| Personal name | Abdur Rasul, |
| Dates associated with a name | 1932- |
| 245 10 - TITLE STATEMENT | |
| Title | Tārik̲h̲-i Islām. |
| 260 ## - PUBLICATION, DISTRIBUTION, ETC. | |
| Date of publication, distribution, etc. | [1966] |
| 300 ## - PHYSICAL DESCRIPTION | |
| Extent | 575 p. |
| Other physical details | geneal. table. |
| Dimensions | 22 cm. |
| 500 ## - GENERAL NOTE | |
| General note | In Urdu. |
| 651 #0 - SUBJECT ADDED ENTRY--GEOGRAPHIC NAME | |
| Geographic name | Islamic Empire |
| General subdivision | History. |
No items available.